00305nam a2200133Ia 4500008004100000020001500041041001200056082001100068100000900079245003600088260002500124300000800149650001400157221030s9999 xx 000 0 und d a812032434X aEnglish a105.23 aNIIT 0aCharacter An Motion An Overview bPHIaNew Delhic2004 a248 aComputers